[Event "Nairobi op"]
[Site "Nairobi"]
[Date "2023.04.08"]
[Round "5"]
[White "Gateri, Martin"]
[Black "Njoroge, Billy Timothy"]
[Result "1/2-1/2"]
[WhiteElo "2045"]
[BlackElo "1668"]
[PlyCount "62"]
[EventDate "2023.04.06"]
[EventType "swiss"]
[EventRounds "9"]
[EventCountry "KEN"]
[SourceTitle "EXT 2024"]
[Source "ChessBase"]
[SourceDate "2023.10.10"]
[SourceVersion "1"]
[SourceVersionDate "2023.10.10"]
[SourceQuality "1"]

1. d4 Nf6 2. c4 e6 3. Nc3 d5 4. e3 c6 5. Nf3 Nbd7 6. cxd5 exd5 7. Bd3 Bd6 8. h3 Qe7 9. Qc2 0-0 10. 0-0 Re8 11. Nd2 Nf8 12. Re1 Be6 13. e4 dxe4 14. Ndxe4 Nxe4 15. Nxe4 Bc7 16. Bg5 Qd7 17. Bf6 Bf5 18. Nc5 Bxd3 19. Qxd3 Qd5 20. Bh4 b6 21. Nb3 Ne6 22. Rad1 Nf4 23. Qf1 Nh5 24. Be7 a5 25. g3 Qd7 26. Bg5 h6 27. Be3 Re6 28. Qg2 Rd8 29. d5 Rd6 30. dxc6 Qxc6 31. Qxc6 Rxc6 1/2-1/2

[Event "Nairobi op"]
[Site "Nairobi"]
[Date "2023.04.07"]
[Round "4"]
[White "Ponkratov, Pavel"]
[Black "Gateri, Martin"]
[Result "1-0"]
[WhiteElo "2580"]
[BlackElo "2045"]
[PlyCount "86"]
[EventDate "2023.04.06"]
[EventType "swiss"]
[EventRounds "9"]
[EventCountry "KEN"]
[SourceTitle "EXT 2024"]
[Source "ChessBase"]
[SourceDate "2023.10.10"]
[SourceVersion "1"]
[SourceVersionDate "2023.10.10"]
[SourceQuality "1"]

1. e4 c5 2. Nf3 Nc6 3. d4 cxd4 4. Nxd4 Nxd4 5. Qxd4 Qc7 6. Nc3 a6 7. Nd5 Qc6 8. Be3 e6 9. Nb6 Rb8 10. 0-0-0 Nf6 11. e5 Ne4 12. Nc4 Bc5 13. Nd6+ Nxd6 14. Qxc5 Qxc5 15. Bxc5 Nf5 16. Bb6 0-0 17. Bd3 Ne7 18. Be4 f5 19. Bf3 g5 20. g3 Nc6 21. Rhe1 Ra8 22. c4 f4 23. g4 a5 24. a4 Ra6 25. c5 d5 26. exd6 Bd7 27. Bxc6 bxc6 28. Re5 h6 29. h4 gxh4 30. Rh1 Kg7 31. Rxh4 Raa8 32. Kd2 f3 33. Ke3 Rf6 34. g5 hxg5 35. Rxg5+ Rg6 36. Rgh5 Kf7 37. Rh8 Rxh8 38. Rxh8 Rg7 39. Bxa5 e5 40. Bc3 Ke6 41. a5 Rg1 42. Rh7 Bc8 43. Re7+ Kd5 1-0

[Event "Nairobi op"]
[Site "Nairobi"]
[Date "2023.04.06"]
[Round "1"]
[White "Gateri, Martin"]
[Black "Omondi, Timothy"]
[Result "1-0"]
[WhiteElo "2045"]
[BlackElo "1579"]
[PlyCount "37"]
[EventDate "2023.04.06"]
[EventType "swiss"]
[EventRounds "9"]
[EventCountry "KEN"]
[SourceTitle "EXT 2024"]
[Source "ChessBase"]
[SourceDate "2023.10.10"]
[SourceVersion "1"]
[SourceVersionDate "2023.10.10"]
[SourceQuality "1"]

1. d4 Nf6 2. c4 e6 3. Nc3 Bb4 4. Qc2 d5 5. e3 0-0 6. Nf3 c5 7. a3 cxd4 8. exd4 Bxc3+ 9. Qxc3 Ne4 10. Qc2 Nc6 11. b4 e5 12. cxd5 Qxd5 13. Bc4 Nxd4 14. Nxd4 Qxd4 15. Bb2 Nc3 16. Qxc3 Qe4+ 17. Be2 Qxg2 18. Qf3 Qg6 19. Kf1 1-0

[Event "KEN-ch"]
[Site "Nairobi"]
[Date "2021.12.27"]
[Round "3"]
[White "Kagiri, Martin"]
[Black "Gateri, Martin"]
[Result "0-1"]
[WhiteElo "1477"]
[BlackElo "2068"]
[PlyCount "82"]
[EventDate "2021.12.26"]
[EventType "swiss"]
[EventRounds "9"]
[EventCountry "KEN"]
[SourceTitle "EXT 2023"]
[Source "ChessBase"]
[SourceDate "2022.10.05"]
[SourceVersion "1"]
[SourceVersionDate "2022.10.05"]
[SourceQuality "1"]

1. c4 e6 2. g3 d5 3. Bg2 Nf6 4. Nf3 Be7 5. d4 0-0 6. 0-0 b6 7. Nc3 Bb7 8. b3 Nbd7 9. Qc2 Rc8 10. Rd1 c5 11. e4 cxd4 12. exd5 e5 13. d6 Bxd6 14. Nb5 Bb8 15. Nxe5 Bxg2 16. Nxd7 Qxd7 17. Kxg2 Be5 18. Qd3 Qb7+ 19. Kg1 Rcd8 20. Bg5 h6 21. Bxf6 Bxf6 22. Rd2 a6 23. Na3 Rfe8 24. Nc2 a5 25. Rad1 Re6 26. Qf1 Qe4 27. Rd3 h5 28. Ne3 dxe3 29. Rxd8+ Bxd8 30. Rxd8+ Kh7 31. fxe3 Qxe3+ 32. Qf2 Qc1+ 33. Kg2 Rf6 34. Qe2 g6 35. Rd1 Qg5 36. Rd5 Qh6 37. Qe7 Qg7 38. Rd6 Rf5 39. Rxb6 Qb2+ 40. Kh3 Rf2 41. Kh4 Qd4+ 0-1

[Event "KEN-ch"]
[Site "Nairobi"]
[Date "2021.12.26"]
[Round "1"]
[White "Mambo, Martin"]
[Black "Gateri, Martin"]
[Result "0-1"]
[WhiteElo "1458"]
[BlackElo "2068"]
[PlyCount "139"]
[EventDate "2021.12.26"]
[EventType "swiss"]
[EventRounds "9"]
[EventCountry "KEN"]
[SourceTitle "EXT 2023"]
[Source "ChessBase"]
[SourceDate "2022.10.05"]
[SourceVersion "1"]
[SourceVersionDate "2022.10.05"]
[SourceQuality "1"]

1. e4 c5 2. Nf3 d6 3. d4 cxd4 4. Nxd4 a6 5. c4 Nf6 6. Nc3 e6 7. Be2 Be7 8. Be3 Qc7 9. Qd2 Nbd7 10. b4 Ne5 11. Rc1 0-0 12. 0-0 Nfg4 13. h3 Nxe3 14. Qxe3 h6 15. b5 Nd7 16. Kh1 Bf6 17. f4 Nb8 18. Nf3 e5 19. fxe5 dxe5 20. c5 Nd7 21. Nd5 Qd8 22. c6 axb5 23. cxd7 Bxd7 24. Nb6 Ra6 25. Rfd1 Qxb6 26. Qxb6 Rxb6 27. Rxd7 Ra8 28. Rc2 Rc6 29. Rdd2 Ra5 30. Rb2 Rc5 31. Rd5 Rxd5 32. exd5 e4 33. Rxb5 exf3 34. gxf3 Rxa2 35. Bd3 Rb2 36. Rc5 g6 37. d6 Rd2 38. Rd5 Kf8 39. Kg1 Bh4 40. d7 Bd8 41. Kf1 Ke7 42. Ke1 Rh2 43. Bf1 f6 44. Rd4 Bb6 45. Rd5 Bc7 46. Bb5 Rxh3 47. d8Q+ Bxd8 48. Rd7+ Ke6 49. Rxd8 Rxf3 50. Rd7 b6 51. Rb7 Kd6 52. Ke2 Rb3 53. Bd3 g5 54. Rf7 Rb2+ 55. Ke3 Ke6 56. Bc4+ Ke5 57. Re7+ Kf5 58. Bd3+ Kg4 59. Be2+ Kg3 60. Rh7 f5 61. Rxh6 g4 62. Rf6 f4+ 63. Kd3 f3 64. Bd1 Rb1 65. Kd2 b5 66. Bc2 Rb2 67. Kc3 Rxc2+ 68. Kxc2 Kf2 69. Rd6 g3 70. Kd1 0-1

[Event "Olympiad-41"]
[Site "Tromsoe"]
[Date "2014.08.14"]
[Round "11.1"]
[White "Gateri, Martin"]
[Black "Hj, Azahari Siti Nur Fa"]
[Result "1-0"]
[WhiteElo "2064"]
[BlackElo "1985"]
[PlyCount "119"]
[EventDate "2014.08.02"]
[EventType "team-swiss"]
[EventRounds "11"]
[EventCountry "NOR"]
[SourceTitle "CBM 162"]
[Source "ChessBase"]
[SourceDate "2014.09.17"]
[SourceVersion "1"]
[SourceVersionDate "2014.09.17"]
[SourceQuality "1"]
[WhiteTeam "Kenya"]
[BlackTeam "Brunei"]
[WhiteTeamCountry "KEN"]
[BlackTeamCountry "BRN"]

1. Nf3 Nf6 2. d4 g6 3. Nc3 d5 4. Bf4 Bg7 5. h3 a6 6. e3 Nbd7 7. Be2 0-0 8. g4 e6 9. Qd2 b5 10. a3 Re8 11. Ne5 Bb7 12. g5 Ne4 13. Nxe4 dxe4 14. Ng4 e5 15. dxe5 Nxe5 16. 0-0-0 Qe7 17. Nf6+ Bxf6 18. gxf6 Qxf6 19. Qc3 Qe7 20. Rd2 Nf3 21. Bxf3 exf3 22. h4 Qe6 23. Kb1 Rad8 24. Rxd8 Rxd8 25. Qxc7 Qd7 26. Qe5 Qe6 27. Qc3 Rc8 28. Qd2 Be4 29. Rc1 Qc4 30. Be5 h5 31. Bc3 Qd5 32. Qe1 Rd8 33. Bd4 Rc8 34. Qb4 Qc4 35. Qxc4 Rxc4 36. b3 Rc6 37. Kb2 f5 38. c4 bxc4 39. bxc4 Kf7 40. Kc3 Ke6 41. Kb4 Bd3 42. a4 Rc8 43. Bc5 Rc6 44. Rd1 Be2 45. Rd8 Kf7 46. Rd6 Rxd6 47. Bxd6 Ke6 48. Bf4 Bd3 49. a5 Kd7 50. Kc5 Be2 51. Kd5 Bd3 52. c5 Be4+ 53. Ke5 Kc6 54. Kf6 Kxc5 55. Kxg6 Kd5 56. Kxh5 Ke6 57. Kg6 Ke7 58. Kg7 Bd5 59. h5 Bf7 60. h6 1-0

[Event "Olympiad-40"]
[Site "Istanbul"]
[Date "2012.09.04"]
[Round "7.2"]
[White "Gateri, Martin"]
[Black "Yang, Ching Wei Austin"]
[Result "1-0"]
[WhiteElo "2082"]
[BlackElo "1760"]
[PlyCount "91"]
[EventDate "2012.08.28"]
[EventType "team-swiss"]
[EventRounds "11"]
[EventCountry "TUR"]
[SourceTitle "CBM 151"]
[Source "ChessBase"]
[SourceDate "2012.11.13"]
[SourceVersion "1"]
[SourceVersionDate "2012.11.13"]
[SourceQuality "1"]
[WhiteTeam "Kenya"]
[BlackTeam "Taiwan"]
[WhiteTeamCountry "KEN"]
[BlackTeamCountry "TPE"]

1. d4 e6 2. Nf3 Nf6 3. c4 b6 4. Nc3 Bb7 5. e3 Bb4 6. Bd2 0-0 7. Bd3 Bxc3 8. Bxc3 Ne4 9. Rc1 d6 10. 0-0 Nd7 11. Nd2 Qh4 12. Nxe4 f5 13. Ng3 Nf6 14. h3 g5 15. d5 g4 16. Bxf6 Rxf6 17. dxe6 gxh3 18. Qh5 Qxh5 19. Nxh5 Rh6 20. Nf4 hxg2 21. Nxg2 Bf3 22. Rfe1 Rg6 23. Bf1 Kh8 24. Kh2 Rh6+ 25. Kg3 Bg4 26. Nf4 Rg8 27. f3 Bh3+ 28. Kf2 Bxf1 29. Rxf1 Rh2+ 30. Ke1 Rxb2 31. a4 Ra2 32. Kd1 Rg7 33. Rc2 Rxa4 34. Nd5 Kg8 35. Rff2 Ra1+ 36. Kd2 Kf8 37. Kc3 c6 38. Nf4 Ke7 39. Ra2 Rgg1 40. Rxa1 Rxa1 41. Rh2 Ra3+ 42. Kd4 c5+ 43. Kd5 Rxe3 44. Rxh7+ Kf6 45. Kxd6 Rxf3 46. e7 1-0

[Event "African Games op 10th"]
[Site "Maputo"]
[Date "2011.09.09"]
[Round "5.1"]
[White "Gateri, Martin"]
[Black "Oatlhotse, Providence"]
[Result "0-1"]
[WhiteElo "2115"]
[BlackElo "2253"]
[PlyCount "78"]
[EventDate "2011.09.05"]
[EventType "team-swiss"]
[EventRounds "9"]
[EventCountry "MOZ"]
[SourceTitle "CBM 144 Extra"]
[Source "ChessBase"]
[SourceDate "2011.10.28"]
[SourceVersion "1"]
[SourceVersionDate "2011.10.28"]
[SourceQuality "1"]
[WhiteTeam "Kenya"]
[BlackTeam "Botswana"]
[WhiteTeamCountry "KEN"]
[BlackTeamCountry "BOT"]

1. d4 Nf6 2. Nf3 c5 3. e3 g6 4. Be2 Bg7 5. 0-0 0-0 6. c4 cxd4 7. exd4 d5 8. Nc3 dxc4 9. Bxc4 Bg4 10. Be2 Nc6 11. h3 Bxf3 12. Bxf3 Nxd4 13. Bxb7 Rb8 14. Bf3 e5 15. Re1 Qc7 16. Rb1 Rfd8 17. Bg5 Qc4 18. Ne4 Nxf3+ 19. Qxf3 Nxe4 20. Qxe4 Rd4 21. Qf3 h6 22. Be3 Rd7 23. b3 Qc2 24. Qe2 Qxe2 25. Rxe2 Rc8 26. b4 Rc4 27. a4 f5 28. f3 e4 29. fxe4 Rxe4 30. Kf2 Rde7 31. Rbe1 Bc3 32. Bd2 Bxd2 33. Rxe4 Rxe4 34. Rxe4 fxe4 35. b5 Kf7 36. Ke2 Bf4 37. a5 Ke6 38. g3 Bxg3 39. Ke3 Kd5 0-1

[Event "African Games op 10th"]
[Site "Maputo"]
[Date "2011.09.08"]
[Round "4.1"]
[White "Ajibola, Olanrewaju"]
[Black "Gateri, Martin"]
[Result "1-0"]
[WhiteElo "2124"]
[BlackElo "2115"]
[PlyCount "91"]
[EventDate "2011.09.05"]
[EventType "team-swiss"]
[EventRounds "9"]
[EventCountry "MOZ"]
[SourceTitle "CBM 144 Extra"]
[Source "ChessBase"]
[SourceDate "2011.10.28"]
[SourceVersion "1"]
[SourceVersionDate "2011.10.28"]
[SourceQuality "1"]
[WhiteTeam "Nigeria"]
[BlackTeam "Kenya"]
[WhiteTeamCountry "NGR"]
[BlackTeamCountry "KEN"]

1. d4 d5 2. Nf3 c6 3. e3 Nd7 4. Nbd2 Ngf6 5. Bd3 Qc7 6. 0-0 e5 7. dxe5 Nxe5 8. Nxe5 Qxe5 9. e4 Bg4 10. Qe1 0-0-0 11. exd5 Rxd5 12. Qxe5 Rxe5 13. Nc4 Rd5 14. Ne3 Rd4 15. Nxg4 Rxg4 16. Bf5+ Kc7 17. Bxg4 Nxg4 18. Bf4+ Bd6 19. Bxd6+ Kxd6 20. Rad1+ Kc7 21. Rfe1 Nh6 22. f3 Rb8 23. Re7+ Kb6 24. g4 g6 25. Kf2 a5 26. g5 Nf5 27. Rxf7 h6 28. gxh6 Nxh6 29. Rf6 Rh8 30. Rxg6 Nf5 31. Rh1 Rd8 32. Re6 Nd4 33. Re3 Nxc2 34. Rb3+ Kc7 35. h4 Rd2+ 36. Kg3 Nd4 37. Ra3 Rxb2 38. Rxa5 b5 39. h5 Kb6 40. Ra8 Kb7 41. Rf8 Rxa2 42. h6 Ne2+ 43. Kg4 Ra4+ 44. f4 Ra3 45. h7 Rg3+ 46. Kh4 1-0

[Event "Olympiad-38"]
[Site "Dresden"]
[Date "2008.11.21"]
[Round "8"]
[White "Eichab, Charles Sidney"]
[Black "Gateri, Martin"]
[Result "1-0"]
[WhiteElo "2066"]
[BlackElo "2189"]
[PlyCount "97"]
[EventDate "2008.11.13"]
[EventType "team-swiss"]
[EventRounds "11"]
[EventCountry "GER"]
[SourceTitle "CBM 128"]
[Source "ChessBase"]
[SourceDate "2009.01.28"]
[SourceVersion "1"]
[SourceVersionDate "2009.01.28"]
[SourceQuality "1"]
[WhiteTeam "Namibia"]
[BlackTeam "Kenya"]
[WhiteTeamCountry "NAM"]
[BlackTeamCountry "KEN"]

1. e4 c5 2. Nf3 d6 3. d4 cxd4 4. Nxd4 Nf6 5. Nc3 a6 6. a4 e5 7. Nb3 Be6 8. Bg5 Nbd7 9. Be2 Be7 10. 0-0 0-0 11. Be3 Nc5 12. Nxc5 dxc5 13. Qxd8 Rfxd8 14. f3 h6 15. g4 g5 16. a5 Kg7 17. Na4 Rac8 18. c4 Kg6 19. Kg2 h5 20. h3 Rc7 21. b4 Nd7 22. b5 Nf6 23. Rfb1 hxg4 24. hxg4 Bd7 25. Nc3 Bf8 26. bxa6 bxa6 27. Rb6 Rc6 28. Nd5 Rdc8 29. Rh1 Rxb6 30. Nxb6 Rc6 31. Rh8 Kg7 32. Rh1 Kg6 33. Rb1 Be6 34. Nd5 Nd7 35. Rb7 Bd6 36. Bd1 Nb8 37. Ba4 Rc8 38. Kf2 Bxd5 39. exd5 Rd8 40. Rb6 f6 41. Rxd6 Rxd6 42. Bxc5 Rd8 43. Bb6 Rc8 44. c5 Kf7 45. Ke3 Rh8 46. c6 Rc8 47. c7 Ke7 48. cxb8Q Rxb8 49. Bc7 1-0

[Event "Olympiad-38"]
[Site "Dresden"]
[Date "2008.11.17"]
[Round "5"]
[White "Gateri, Martin"]
[Black "Arosemena, Jorge Luis"]
[Result "0-1"]
[WhiteElo "2189"]
[BlackElo "2201"]
[PlyCount "71"]
[EventDate "2008.11.13"]
[EventType "team-swiss"]
[EventRounds "11"]
[EventCountry "GER"]
[SourceTitle "CBM 128"]
[Source "ChessBase"]
[SourceDate "2009.01.28"]
[SourceVersion "1"]
[SourceVersionDate "2009.01.28"]
[SourceQuality "1"]
[WhiteTeam "Kenya"]
[BlackTeam "Panama"]
[WhiteTeamCountry "KEN"]
[BlackTeamCountry "PAN"]

1. d4 Nf6 2. c4 e6 3. Nc3 Bb4 4. Bg5 h6 5. Bxf6 Qxf6 6. Nf3 c5 7. e3 Nc6 8. Be2 0-0 9. 0-0 Bxc3 10. bxc3 d6 11. Nd2 e5 12. d5 Ne7 13. Bg4 Qg6 14. Bxc8 Raxc8 15. Qb1 Rc7 16. Qxg6 Nxg6 17. a4 f5 18. f4 Re7 19. g3 Rfe8 20. e4 exf4 21. exf5 Ne5 22. Rxf4 Nd3 23. Rf3 Re1+ 24. Rxe1 Rxe1+ 25. Nf1 Nb2 26. Kf2 Ra1 27. Nd2 Rxa4 28. f6 Nxc4 29. Nxc4 Rxc4 30. Ke2 Re4+ 31. Kd3 Re5 32. c4 g6 33. f7+ Kf8 34. Rf6 Rf5 35. Rxg6 Ke7 36. Rxd6 0-1

[Event "Olympiad-38"]
[Site "Dresden"]
[Date "2008.11.16"]
[Round "4"]
[White "Gateri, Martin"]
[Black "Tologontegin, Semetey"]
[Result "0-1"]
[WhiteElo "2189"]
[BlackElo "2359"]
[PlyCount "70"]
[EventDate "2008.11.13"]
[EventType "team-swiss"]
[EventRounds "11"]
[EventCountry "GER"]
[SourceTitle "CBM 128"]
[Source "ChessBase"]
[SourceDate "2009.01.28"]
[SourceVersion "1"]
[SourceVersionDate "2009.01.28"]
[SourceQuality "1"]
[WhiteTeam "Kenya"]
[BlackTeam "Kyrgyzstan"]
[WhiteTeamCountry "KEN"]
[BlackTeamCountry "KGZ"]

1. d4 d5 2. c4 e6 3. Nc3 Nf6 4. Nf3 c6 5. e3 Nbd7 6. cxd5 exd5 7. Be2 Bd6 8. 0-0 0-0 9. a3 Re8 10. b4 a6 11. Na4 Ne4 12. Bb2 Nf8 13. Nc5 Ng6 14. g3 Qe7 15. Nxe4 dxe4 16. Nd2 Bh3 17. Re1 Qg5 18. Bf1 Bxf1 19. Kxf1 Re6 20. Kg1 h5 21. Qe2 Rae8 22. Kh1 h4 23. Rg1 hxg3 24. fxg3 Ne7 25. Nc4 Bc7 26. Rae1 Rh6 27. Rg2 Nf5 28. Kg1 Bxg3 29. hxg3 Nxg3 30. Qd1 Rh1+ 31. Kf2 Rh6 32. Kg1 Ne2+ 33. Qxe2 Qh4 34. Kf1 Qg3 35. Qf2 Rh1+ 0-1

[Event "Olympiad-37"]
[Site "Turin"]
[Date "2006.05.28"]
[Round "7"]
[White "Seegolam, Pradeep"]
[Black "Gateri, Martin"]
[Result "1/2-1/2"]
[WhiteElo "2140"]
[BlackElo "2200"]
[PlyCount "64"]
[EventDate "2006.05.21"]
[EventType "team-swiss"]
[EventRounds "13"]
[EventCountry "ITA"]
[SourceTitle "CBM 113"]
[Source "ChessBase"]
[SourceDate "2006.07.31"]
[SourceVersion "1"]
[SourceVersionDate "2006.07.31"]
[SourceQuality "1"]
[WhiteTeam "Mauritius"]
[BlackTeam "Kenya"]
[WhiteTeamCountry "MRI"]
[BlackTeamCountry "KEN"]

1. e4 c5 2. Nf3 d6 3. d4 cxd4 4. Nxd4 Nf6 5. Nc3 a6 6. Bc4 e6 7. Be3 Bd7 8. a4 Nc6 9. 0-0 Be7 10. f3 0-0 11. Kh1 Nxd4 12. Bxd4 Bc6 13. Bb3 Qc7 14. a5 Nd7 15. Na4 Nc5 16. Nb6 Rad8 17. Ba2 Kh8 18. b4 Nd7 19. Nxd7 Qxd7 20. Qe1 e5 21. Bb6 Rc8 22. c4 f5 23. exf5 Qxf5 24. Be3 Qh5 25. Bb1 Bh4 26. Bf2 Rxf3 27. Bxh4 Qxh4 28. gxf3 Bxf3+ 29. Kg1 Qg4+ 30. Qg3 Qd4+ 31. Qf2 Qg4+ 32. Qg3 Qd4+ 1/2-1/2

[Event "Olympiad-37"]
[Site "Turin"]
[Date "2006.05.22"]
[Round "2"]
[White "Al Qudaimi, Basheer"]
[Black "Gateri, Martin"]
[Result "1-0"]
[WhiteElo "2396"]
[BlackElo "2200"]
[PlyCount "99"]
[EventDate "2006.05.21"]
[EventType "team-swiss"]
[EventRounds "13"]
[EventCountry "ITA"]
[SourceTitle "CBM 113"]
[Source "ChessBase"]
[SourceDate "2006.07.31"]
[SourceVersion "1"]
[SourceVersionDate "2006.07.31"]
[SourceQuality "1"]
[WhiteTeam "Yemen"]
[BlackTeam "Kenya"]
[WhiteTeamCountry "YEM"]
[BlackTeamCountry "KEN"]

1. e4 c5 2. Ne2 Nc6 3. Nbc3 e6 4. d4 cxd4 5. Nxd4 a6 6. Be3 Bb4 7. Nxc6 bxc6 8. Qd4 Bf8 9. 0-0-0 d5 10. exd5 cxd5 11. Na4 Nf6 12. Nb6 Rb8 13. Qa4+ Nd7 14. Nxc8 Qxc8 15. Bxa6 Qc7 16. Bb5 Bd6 17. c4 Rxb5 18. Qxb5 0-0 19. Kb1 Rb8 20. Qa6 Nc5 21. Bxc5 Qxc5 22. Rd2 d4 23. Rhd1 e5 24. Qa4 g6 25. Qc2 Bf8 26. f4 f6 27. Qe4 Rd8 28. b3 Bg7 29. fxe5 fxe5 30. h4 Kh8 31. Rd3 Qa5 32. h5 gxh5 33. Rh1 Rf8 34. Rf3 Ra8 35. a4 Rb8 36. Rxh5 h6 37. Rfh3 Rb6 38. Kc2 Qc5 39. Qd5 Qe7 40. Qa8+ Kh7 41. Qe4+ Kh8 42. Kb2 Qc5 43. g4 Qb4 44. g5 Qd2+ 45. Qc2 Qf4 46. gxh6 Bf6 47. Qg2 e4 48. h7 d3+ 49. Ka2 Rb8 50. Rg3 1-0